000 00659cam a2200193 4500
001 D5745
008 090401t1914 xxu||||| |||| 00| 0 eng d
035 _a(Sirsi) u66579
041 _aeng
050 _a692.8
100 _aHudson, Alfred A
245 _a[Hudson`s building and engineering contracts]. The law of building, engineering and ship building contracts and of the duties and liabilities of engineers, architects, surveyors and valuers, with reports of cases and precedents, assisted by C.S.Rewcastle
250 _a4th
260 _aLondon
_bSweet and Maxwell
_c1914
300 _a2v. 26cm
350 _a0
942 _n0
948 _c04/03/1997
999 _c94900
_d94900